00000000nam##2200000za#4500
0019.615989
003CaOODSP
00520211126112847
007ta
008150406|2002||||xxc|||||     f|0| 0 eng|d
022 |a1192-5434
040 |aCaOODSP|beng
043 |an-cn---
0861 |aFB3-2/102-16E
1102 |aBank of Canada.
24512|aA market microstructure analysis of foreign exchange intervention in Canada / |cby Chris D'Souza.
260 |aOttawa - Ontario : |bBank of Canada |c2002.
300 |av, 65p. : |bgraphs, references, tables ; |c28 cm.
4901 |aWorking paper|x1192-5434|v2002-16
500 |a"This paper clarifies the role and the impact of foreign exchange dealers in the relationship between foreign exchange intervention and nominal exchange rates using a unique dataset that disaggregates trades by dealer and by type of trade."--Abstract.
546 |aRésumés en français.
563 |aSoftcover
590 |a02-27|b2002-07-05
7760#|tA market microstructure analysis of foreign exchange intervention in Canada / |w(CaOODSP)9.571596
830#0|aWorking paper,|x1192-5434|v2002-16|w(CaOODSP)9.514622